Rose Conway
Cambridge C
Categories
History - World History | 0 | 3 | 2 | 0 | 20 | 91 | 119.67 | 0 | 1 |
History - European History | 0 | 2 | 1 | 2 | 15 | 143 | 144.00 | 0 | 0 |
Science - Physics | 0 | 1 | 0 | 0 | 10 | 102 | 102.00 | 0 | 0 |
History - American History | 0 | 1 | 0 | 0 | 10 | 102 | 102.00 | 0 | 0 |
Science - Other Science | 0 | 1 | 0 | 0 | 10 | 102 | 102.00 | 0 | 0 |
Philosophy | 0 | 1 | 0 | 0 | 10 | 138 | 138.00 | 0 | 0 |
Other | 0 | 1 | 0 | 1 | 10 | 123 | 123.00 | 0 | 0 |
Religion | 0 | 1 | 0 | 0 | 10 | 89 | 89.00 | 0 | 1 |
Literature - European Literature | 0 | 0 | 0 | 0 | 0 | 0.00 | 0 | 0 | |
Literature - British Literature | 0 | 0 | 0 | 0 | 0 | 0.00 | 0 | 0 | |
Science - Biology | 0 | 0 | 1 | 0 | -5 | 0.00 | 0 | 0 | |
Fine Arts - Other Fine Arts | 0 | 0 | 1 | 0 | -5 | 0.00 | 0 | 0 | |
History - Other History | 0 | 0 | 1 | 0 | -5 | 0.00 | 0 | 0 |